00271pab a2200085 454500008003600000100001800036245006200054650003500116773003400151180718b xxu||||| |||| 00| 0 eng d aManivannan, R a1991 Tamil Elections - Issues, strategies and performance aElections - India - Tamil Nadu aEconomic and Political Weekly